Serenad : Roman (Record no. 3980)

000 -LEADER
fixed length control field 00427nam a22001697a 4500
008 - FIXED-LENGTH DATA ELEMENTS--GENERAL INFORMATION
fixed length control field 200104b ||||| |||| 00| 1 eng d
020 ## - INTERNATIONAL STANDARD BOOK NUMBER
International Standard Book Number 9786050900286
041 ## - LANGUAGE CODE
Language code of text/sound track or separate title Türkçe
050 ## - LIBRARY OF CONGRESS CALL NUMBER
Classification number PL248.L58
100 ## - MAIN ENTRY--PERSONAL NAME
9 (RLIN) 1032
Personal name Livaneli, Ömer Zülfü
245 ## - TITLE STATEMENT
Title Serenad : Roman
250 ## - EDITION STATEMENT
Edition statement 1.Baskı
260 ## - PUBLICATION, DISTRIBUTION, ETC.
Place of publication, distribution, etc. İstanbul:
Name of publisher, distributor, etc. Doğan Kitap,
Date of publication, distribution, etc. Mart 2011
300 ## - PHYSICAL DESCRIPTION
Extent 481 Sayfa
650 #0 - SUBJECT ADDED ENTRY--TOPICAL TERM
9 (RLIN) 145
Topical term or geographic name entry element Türk Edebiyatı
942 ## - ADDED ENTRY ELEMENTS (KOHA)
Source of classification or shelving scheme
Koha item type Books
Holdings
Withdrawn status Lost status Source of classification or shelving scheme Damaged status Not for loan Permanent Location Current Location Shelving location Date acquired Full call number Barcode Date last seen Price effective from Koha item type
        Ödünç verilemez İmren Ahmet Tüzün Kütüphanesi İmren Ahmet Tüzün Kütüphanesi Ahmet Tüzün 2020-01-04 PL248.L58 100100004259 2020-01-04 2020-01-04 Books

This software was implemented, installed and managed by Devinim Software Training Consulting .